000
00268nam a22000857a 4500
008
211216b ||||| |||| 00| 0 eng d
100
_a
Christie's Robson Lowe
245
_a
The Tara Collection of
_b
Confederate States Stamps and Covers
650
_a
Confederate States of America
999
_c
3240
_d
3240